000 00287nam a22001217a 4500
008 260318b ||||| |||| 00| 0 eng d
041 _aShqip
080 _a2.1
100 _a19
101 _aekonomi
245 _aBuletini i Bilancit te Pagfesave
_cBanka e Shqiperisë
942 _2udc
_cBK
999 _c60911
_d60911